000 00684nam a2200205 a 4500
001 000024863
005 20200930023420.0
008 110207s1976 sp r 000 0 spa d
020 _a84726101755
040 _aDO-SdBNP
_bspa
_cBNPHU
082 _ann*
_bnn*
100 1 _aRabelais, François.
_951028
245 1 0 _aPantagruel /
_cFrançois Rabelais ; traducción, fijación y notas de Antonio García-Die Miralles de Imperial.
260 _aBarcelona :
_bJuventud,
_c1976.
300 _a247 p. ;
_c18 cm.
490 1 _aLibros de Bolsillo Z.
_e216
700 1 _aGarcía-Die Miralles de Imperial, Antonio,
_etr.
_951029
830 0 _aLibros de Bolsillo Z.
_e216
_951030
049 _aBNGR
999 _c24356
_d24356